<?xml version="1.0" encoding="UTF-8"?>
<collection xmlns="http://www.loc.gov/MARC21/slim">
    <record>
        <controlfield tag="001">65881</controlfield>
        <controlfield tag="005">20180223094332.0</controlfield>
        <datafield tag="037" ind1=" " ind2=" ">
            <subfield code="a">GDOC-2016-26103</subfield>
        </datafield>
        <datafield tag="041" ind1=" " ind2=" ">
            <subfield code="a">spa</subfield>
        </datafield>
        <datafield tag="100" ind1=" " ind2=" ">
            <subfield code="0">(orcid)0000-0003-2252-9776</subfield>
            <subfield code="1">383787</subfield>
            <subfield code="a">Montalvo Ateaga, Esperanza</subfield>
        </datafield>
        <datafield tag="245" ind1="0" ind2="0">
            <subfield code="9">26103</subfield>
            <subfield code="a">Sociología general</subfield>
        </datafield>
        <datafield tag="242" ind1="0" ind2="0">
            <subfield code="9">26103</subfield>
            <subfield code="a">General Sociology</subfield>
        </datafield>
        <datafield tag="260" ind1=" " ind2=" ">
            <subfield code="a">Zaragoza</subfield>
            <subfield code="b">Universidad de Zaragoza</subfield>
            <subfield code="c">2016-2017</subfield>
        </datafield>
        <datafield tag="520" ind1=" " ind2=" ">
            <subfield code="a">Breve presentación de la asignatura
Asignatura introductoria, que se imparte en el primer cuatrimestre del primer curso, dirigida a estudiantes recién incorporados a la universidad, que todavía no han tenido su primer contacto ni con la Sociología ni con la Universidad. Lo que implica una dificultad mayor tanto para los estudiantes como para los docentes.
 
Su estudio resulta necesario para que los estudiantes se familiaricen con la sociológica. A lo largo de la carrera se van a estudiar varias asignaturas del área y la superación de las competencias de sociología general ayudará al estudio del resto de materias afines de la titulación.
 
La asignatura también facilitará la adquisición de una mayor capacidad crítica que permita analizar la realidad social.
 
El carácter introductorio de la asignatura requiere cierta amplitud, en el sentido de dar una visión panorámica suficiente de sus contenidos; pero al mismo tiempo evitar un exceso de contenidos variados sin poder profundizar apenas en ellos. 
 
El programa está formado por macrotemas que permitan incorporar los conocimientos de una manera más transversal; subrayando la importancia de relacionar unas cosas con otras. Esto significa también que tanto las lecciones previstas, como su docencia, serán flexibles. Flexibilidad que ayudará a valorar la iniciativa y participación de los estudiantes. Además, la flexibilidad formaría parte de la misma naturaleza de esta ciencia, en la que caben múltiples modelos teóricos, y diversidad de enfoques de los mismos. Se busca el doble criterio de temas amplios y con un tratamiento flexible.</subfield>
            <subfield code="b"> </subfield>
        </datafield>
        <datafield tag="521" ind1=" " ind2=" ">
            <subfield code="9">110</subfield>
            <subfield code="a">Trabajo Social</subfield>
        </datafield>
        <datafield tag="540" ind1=" " ind2=" ">
            <subfield code="a">by-nc-sa</subfield>
            <subfield code="b">Creative Commons</subfield>
            <subfield code="c">3.0</subfield>
            <subfield code="u">http://creativecommons.org/licenses/by-nc-sa/3.0/</subfield>
        </datafield>
        <datafield tag="700" ind1=" " ind2=" ">
            <subfield code="0">(orcid)0000-0003-0897-9519</subfield>
            <subfield code="1">455968</subfield>
            <subfield code="a">Gastón Faci, Diego Félix</subfield>
        </datafield>
        <datafield tag="830" ind1=" " ind2=" ">
            <subfield code="9">274</subfield>
        </datafield>
        <datafield tag="856" ind1="4" ind2=" ">
            <subfield code="s">16350</subfield>
            <subfield code="u">http://zaguan.unizar.es/record/65881/files/guia-26103-es.pdf</subfield>
            <subfield code="y">Guía (idioma español)</subfield>
        </datafield>
        <datafield tag="856" ind1="4" ind2=" ">
            <subfield code="s">6250</subfield>
            <subfield code="u">http://zaguan.unizar.es/record/65881/files/guia-26103-en.pdf</subfield>
            <subfield code="y">Guide (english)</subfield>
        </datafield>
        <datafield tag="970" ind1=" " ind2=" ">
            <subfield code="a">GDOC-2016-26103</subfield>
        </datafield>
        <datafield tag="980" ind1=" " ind2=" ">
            <subfield code="a">GDOC</subfield>
            <subfield code="b">Ciencias sociales y jurídicas</subfield>
            <subfield code="c">108</subfield>
        </datafield>
    </record>

    
</collection>